| 000 | 00483nam a22001817a 4500 | ||
|---|---|---|---|
| 003 | OSt | ||
| 005 | 20211109091833.0 | ||
| 008 | 211109b |||||||| |||| 00| 0 eng d | ||
| 020 | _a0815113056 | ||
| 040 | _cHAWASSA UNIVERSITY | ||
| 050 |
_a636.0896/BUL _b1 |
||
| 082 |
_a636.0896/BUL _b1 |
||
| 100 |
_aBUERGELT CLAUS D. _917380 |
||
| 245 | _aCOLOR ATLAS OF REPRODUCTIVE PATHOLOGY OF DOMESTIC ANIMALS | ||
| 260 |
_aNEW YORK _bLONDON _c1997 |
||
| 300 | _a219 | ||
| 942 |
_2ddc _cBOOKS _n0 |
||
| 999 |
_c17201 _d17201 |
||